| 000 | 00677nam a22002172 4500 | ||
|---|---|---|---|
| 001 | 0000023245 | ||
| 005 | 20151217152238.0 | ||
| 008 | 120911s xx 000 0 eng d | ||
| 020 | _a9966936068 : | ||
| 040 |
_aKABU _cKABU |
||
| 245 | 1 | 0 |
_aDeveloping continuing education in Africa / _cFlorence Miya, Peter Mageto (eds) |
| 250 | _a1st ed. | ||
| 260 |
_aNairobi, Kenya : _bDaystar university, _c2010. |
||
| 300 | _ax,212 p. | ||
| 650 | 0 |
_aContinuing education _xCongress _zAfrica. _@0000182596 |
|
| 700 | 1 |
_aMiya, Florence. _@0000149520 |
|
| 700 | 1 |
_aMageto, Peter. _@0000182597 |
|
| 908 | _a120911 | ||
| 950 | _@1 | ||
| 999 |
_c9758 _d9758 |
||